[Event "World Youth & Cadets Rapid Championships"]
[Site "Rhodes, Greece"]
[Date "2022.05.01"]
[Round "2.46"]
[White "Kiryttopoulou, Eleonora Kaisa"]
[Black "Veselow, Zoe"]
[Result "0-1"]
[TimeControl "10'/game & 5\"/move"]
[WhiteElo "1072"]
[BlackElo "1124"]

1. e4 {[%clk 00:10:08]} {[%emt 00:00:02]} c5 {[%clk 00:10:07]} {[%emt
00:00:03]} 2. Nf3 {[%clk 00:10:10]} {[%emt 00:00:03]} e6 {[%clk 00:10:09]}
{[%emt 00:00:03]} 3. Bc4 {[%clk 00:10:13]} {[%emt 00:00:03]} d5 {[%clk
00:10:12]} {[%emt 00:00:03]} 4. exd5 {[%clk 00:10:14]} {[%emt 00:00:04]} exd5
{[%clk 00:10:12]} {[%emt 00:00:04]} 5. Bb5+ {[%clk 00:10:16]} {[%emt 00:00:03]}
Bd7 {[%clk 00:10:10]} {[%emt 00:00:07]} 6. Bxd7+ {[%clk 00:10:18]} {[%emt
00:00:03]} Nxd7 {[%clk 00:10:11]} {[%emt 00:00:04]} 7. O-O {[%clk 00:10:20]}
{[%emt 00:00:03]} Bd6 {[%clk 00:09:56]} {[%emt 00:00:20]} 8. d3 {[%clk
00:10:05]} {[%emt 00:00:21]} Ne7 {[%clk 00:09:51]} {[%emt 00:00:10]} 9. Nc3
{[%clk 00:09:49]} {[%emt 00:00:21]} O-O {[%clk 00:09:48]} {[%emt 00:00:08]} 10.
Be3 {[%clk 00:09:20]} {[%emt 00:00:34]} d4 {[%clk 00:09:30]} {[%emt 00:00:23]}
11. Ne4 {[%clk 00:09:04]} {[%emt 00:00:21]} Bxh2+ {[%clk 00:09:17]} {[%emt
00:00:17]} 12. Nxh2 {[%clk 00:08:54]} {[%emt 00:00:15]} dxe3 {[%clk 00:09:19]}
{[%emt 00:00:03]} 13. fxe3 {[%clk 00:08:56]} {[%emt 00:00:04]} Nd5 {[%clk
00:09:08]} {[%emt 00:00:16]} 14. Qe2 {[%clk 00:08:39]} {[%emt 00:00:21]} f5
{[%clk 00:08:57]} {[%emt 00:00:16]} 15. Ng3 {[%clk 00:08:29]} {[%emt 00:00:14]}
Qg5 {[%clk 00:08:10]} {[%emt 00:00:52]} 16. Rf3 {[%clk 00:05:50]} {[%emt
00:02:45]} Rae8 {[%clk 00:07:42]} {[%emt 00:00:32]} 17. Kf2 {[%clk 00:04:39]}
{[%emt 00:01:17]} f4 {[%clk 00:07:07]} {[%emt 00:00:41]} 18. Ne4 {[%clk
00:01:39]} {[%emt 00:03:05]} Qh4+ {[%clk 00:05:46]} {[%emt 00:01:25]} 19. Kg1
{[%clk 00:00:36]} {[%emt 00:01:07]} Nxe3 {[%clk 00:05:28]} {[%emt 00:00:23]}
0-1

[Event "World Youth & Cadets Rapid Championships"]
[Site "Rhodes, Greece"]
[Date "2022.05.01"]
[Round "3.1"]
[White "Nogerbek, Kazybek"]
[Black "Goroshkov, Maksym"]
[Result "1-0"]
[TimeControl "10'/game & 5\"/move"]
[WhiteElo "2308"]
[BlackElo "2115"]

1. c4 {[%clk 00:10:09]} Nf6 {[%clk 00:10:09]} {[%emt 00:00:02]} 2. Nf3 {[%clk
00:10:06]} {[%emt 00:00:08]} d6 {[%clk 00:10:13]} {[%emt 00:00:01]} 3. g3
{[%clk 00:09:58]} {[%emt 00:00:13]} g6 {[%clk 00:10:17]} 4. b3 {[%clk
00:10:02]} {[%emt 00:00:01]} Bg7 {[%clk 00:10:21]} {[%emt 00:00:01]} 5. Bb2
{[%clk 00:10:06]} O-O {[%clk 00:10:24]} {[%emt 00:00:02]} 6. d4 {[%clk
00:10:09]} {[%emt 00:00:01]} c6 {[%clk 00:10:22]} {[%emt 00:00:07]} 7. Bg2
{[%clk 00:10:13]} {[%emt 00:00:02]} Bg4 {[%clk 00:10:16]} {[%emt 00:00:11]} 8.
h3 {[%clk 00:10:09]} {[%emt 00:00:08]} Bf5 {[%clk 00:10:17]} {[%emt 00:00:04]}
9. O-O {[%clk 00:10:06]} {[%emt 00:00:08]} h5 {[%clk 00:10:02]} {[%emt
00:00:20]} 10. Nc3 {[%clk 00:10:02]} {[%emt 00:00:10]} Ne4 {[%clk 00:09:41]}
{[%emt 00:00:26]} 11. Qc1 {[%clk 00:10:06]} {[%emt 00:00:01]} Nxc3 {[%clk
00:09:34]} {[%emt 00:00:12]} 12. Bxc3 {[%clk 00:10:09]} {[%emt 00:00:01]} Qc8
{[%clk 00:09:36]} {[%emt 00:00:04]} 13. Kh2 {[%clk 00:10:08]} {[%emt 00:00:06]}
Na6 {[%clk 00:08:09]} {[%emt 00:01:31]} 14. Qe3 {[%clk 00:09:08]} {[%emt
00:01:06]} Re8 {[%clk 00:08:03]} {[%emt 00:00:11]} 15. Rac1 {[%clk 00:09:10]}
{[%emt 00:00:02]} Nc7 {[%clk 00:07:43]} {[%emt 00:00:25]} 16. d5 {[%clk
00:08:53]} {[%emt 00:00:22]} e5 {[%clk 00:06:33]} {[%emt 00:01:16]} 17. dxe6
{[%clk 00:08:45]} {[%emt 00:00:14]} Qxe6 {[%clk 00:05:17]} {[%emt 00:01:20]} 18.
Qxe6 {[%clk 00:08:15]} {[%emt 00:00:35]} Bxe6 {[%clk 00:04:53]} {[%emt
00:00:29]} 19. Rfd1 {[%clk 00:08:02]} {[%emt 00:00:18]} Rad8 {[%clk 00:04:28]}
{[%emt 00:00:30]} 20. e4 {[%clk 00:07:22]} {[%emt 00:00:44]} f5 {[%clk
00:04:04]} {[%emt 00:00:30]} 21. Nh4 {[%clk 00:07:06]} {[%emt 00:00:21]} fxe4
{[%clk 00:03:29]} {[%emt 00:00:40]} 22. Nxg6 {[%clk 00:06:55]} {[%emt
00:00:17]} Bf7 {[%clk 00:03:18]} {[%emt 00:00:15]} 23. Bxg7 {[%clk 00:06:50]}
{[%emt 00:00:09]} Kxg7 {[%clk 00:03:13]} {[%emt 00:00:11]} 24. Nf4 {[%clk
00:06:53]} {[%emt 00:00:02]} e3 {[%clk 00:03:10]} {[%emt 00:00:08]} 25. fxe3
{[%clk 00:06:42]} {[%emt 00:00:15]} Rxe3 {[%clk 00:03:14]} 26. Rd2 {[%clk
00:06:47]} Ne6 {[%clk 00:02:52]} {[%emt 00:00:27]} 27. Rf1 {[%clk 00:06:38]}
{[%emt 00:00:14]} Nxf4 {[%clk 00:02:35]} {[%emt 00:00:23]} 28. Rxf4 {[%clk
00:06:41]} {[%emt 00:00:01]} d5 {[%clk 00:02:33]} {[%emt 00:00:07]} 29. cxd5
{[%clk 00:06:38]} {[%emt 00:00:08]} cxd5 {[%clk 00:02:23]} {[%emt 00:00:15]} 30.
g4 {[%clk 00:06:15]} {[%emt 00:00:28]} hxg4 {[%clk 00:02:24]} {[%emt 00:00:03]}
31. Rxg4+ {[%clk 00:06:19]} Kf8 {[%clk 00:01:56]} {[%emt 00:00:34]} 32. Rf2
{[%clk 00:06:03]} {[%emt 00:00:21]} Rd7 {[%clk 00:01:42]} {[%emt 00:00:19]} 33.
Rff4 {[%clk 00:05:20]} {[%emt 00:00:47]} Re2 {[%clk 00:01:38]} {[%emt
00:00:10]} 34. a4 {[%clk 00:05:23]} {[%emt 00:00:02]} b6 {[%clk 00:01:37]}
{[%emt 00:00:06]} 35. b4 {[%clk 00:05:08]} {[%emt 00:00:20]} Rd2 {[%clk
00:01:16]} {[%emt 00:00:26]} 36. Kg3 {[%emt 00:00:27]} d4 37. Bc6 {[%clk
00:04:50]} {[%emt 00:00:05]} Rc7 {[%clk 00:01:17]} {[%emt 00:00:05]} 38. Bd5
{[%clk 00:04:34]} {[%emt 00:00:21]} d3 {[%clk 00:01:20]} {[%emt 00:00:02]} 39.
Rf3 {[%clk 00:03:54]} {[%emt 00:00:45]} Rb2 {[%clk 00:01:13]} {[%emt 00:00:12]}
40. Rgf4 {[%clk 00:03:26]} {[%emt 00:00:33]} d2 {[%clk 00:01:17]} {[%emt
00:00:01]} 41. Bxf7 {[%clk 00:03:30]} {[%emt 00:00:01]} Rxf7 {[%clk 00:00:46]}
{[%emt 00:00:36]} 42. Rxf7+ {[%clk 00:03:34]} {[%emt 00:00:01]} Ke8 {[%clk
00:00:50]} 43. Rf8+ {[%clk 00:03:38]} Ke7 {[%clk 00:00:55]} 44. R3f7+ {[%clk
00:03:42]} Ke6 {[%clk 00:00:59]} 45. Rf1 {[%clk 00:03:46]} {[%emt 00:00:01]}
Rb3+ {[%clk 00:01:01]} {[%emt 00:00:03]} 46. R8f3 {[%clk 00:03:49]} Rxb4 {[%clk
00:01:05]} {[%emt 00:00:01]} 47. Rd3 {[%clk 00:03:53]} Rxa4 {[%clk 00:01:08]}
{[%emt 00:00:03]} 48. Rxd2 {[%clk 00:03:57]} {[%emt 00:00:01]} b5 {[%clk
00:01:12]} 49. Re1+ {[%clk 00:04:00]} {[%emt 00:00:02]} Kf5 {[%clk 00:01:16]}
{[%emt 00:00:01]} 50. Rf2+ {[%clk 00:04:04]} Kg6 {[%clk 00:01:18]} {[%emt
00:00:03]} 51. Re6+ {[%clk 00:04:08]} {[%emt 00:00:01]} Kg7 {[%clk 00:01:22]}
52. h4 {[%clk 00:04:05]} {[%emt 00:00:08]} b4 {[%clk 00:01:26]} {[%emt
00:00:02]} 53. h5 {[%clk 00:04:06]} {[%emt 00:00:03]} b3 {[%clk 00:01:24]}
{[%emt 00:00:07]} 54. h6+ {[%clk 00:04:10]} Kh7 {[%clk 00:01:28]} 55. Rf7+
{[%clk 00:04:14]} {[%emt 00:00:01]} Kg8 {[%clk 00:01:33]} 56. Rg7+ {[%clk
00:04:19]} 1-0

[Event "World Youth & Cadets Rapid Championships"]
[Site "Rhodes, Greece"]
[Date "2022.05.01"]
[Round "3.2"]
[White "Koziorowicz, Michal"]
[Black "Fromm, Marius"]
[Result "1-0"]
[TimeControl "10'/game & 5\"/move"]
[WhiteElo "2076"]
[BlackElo "2299"]

1. e4 {[%clk 00:10:09]} c5 {[%clk 00:10:09]} {[%emt 00:00:02]} 2. Nf3 {[%clk
00:10:13]} {[%emt 00:00:01]} d6 {[%clk 00:10:13]} {[%emt 00:00:01]} 3. Bb5+
{[%clk 00:10:17]} Bd7 {[%clk 00:10:16]} {[%emt 00:00:02]} 4. Bxd7+ {[%clk
00:10:21]} {[%emt 00:00:02]} Qxd7 {[%clk 00:10:20]} {[%emt 00:00:01]} 5. O-O
{[%clk 00:10:24]} {[%emt 00:00:02]} Nf6 {[%clk 00:10:23]} 6. Re1 {[%clk
00:10:28]} {[%emt 00:00:01]} Nc6 {[%clk 00:10:25]} {[%emt 00:00:03]} 7. c3
{[%clk 00:10:32]} {[%emt 00:00:01]} e6 {[%clk 00:10:29]} 8. d4 {[%clk
00:10:36]} {[%emt 00:00:01]} cxd4 {[%clk 00:10:33]} {[%emt 00:00:01]} 9. cxd4
{[%clk 00:10:40]} d5 {[%clk 00:10:37]} 10. e5 {[%clk 00:10:45]} {[%emt
00:00:01]} Ne4 {[%clk 00:10:41]} 11. Nbd2 {[%clk 00:10:49]} {[%emt 00:00:01]}
Nxd2 {[%clk 00:10:45]} {[%emt 00:00:01]} 12. Bxd2 {[%clk 00:10:52]} {[%emt
00:00:01]} Bb4 {[%clk 00:10:48]} {[%emt 00:00:02]} 13. Rc1 {[%clk 00:10:46]}
{[%emt 00:00:11]} Bxd2 {[%clk 00:10:51]} {[%emt 00:00:03]} 14. Qxd2 {[%clk
00:10:50]} {[%emt 00:00:01]} O-O {[%clk 00:10:53]} {[%emt 00:00:02]} 15. h4
{[%clk 00:10:38]} {[%emt 00:00:17]} Rfc8 {[%clk 00:10:35]} {[%emt 00:00:23]} 16.
Rc3 {[%clk 00:10:34]} {[%emt 00:00:09]} Ne7 {[%clk 00:10:26]} {[%emt 00:00:14]}
17. Rd3 {[%clk 00:10:00]} {[%emt 00:00:39]} Rc4 {[%clk 00:10:24]} {[%emt
00:00:07]} 18. Qf4 {[%clk 00:09:20]} {[%emt 00:00:45]} Rac8 {[%clk 00:09:43]}
{[%emt 00:00:46]} 19. h5 {[%clk 00:08:41]} {[%emt 00:00:44]} h6 {[%clk
00:09:47]} {[%emt 00:00:01]} 20. Nh4 {[%clk 00:08:41]} {[%emt 00:00:05]} Nc6
{[%clk 00:07:53]} {[%emt 00:02:00]} 21. Ree3 {[%clk 00:07:53]} {[%emt
00:00:53]} Kh8 {[%clk 00:04:42]} {[%emt 00:03:15]} 22. Rg3 {[%clk 00:07:20]}
{[%emt 00:00:37]} Qe7 {[%clk 00:04:28]} {[%emt 00:00:19]} 23. Rg4 {[%clk
00:06:47]} {[%emt 00:00:38]} Rg8 {[%clk 00:02:48]} {[%emt 00:01:46]} 24. b3
{[%clk 00:06:44]} {[%emt 00:00:08]} Rc2 {[%clk 00:02:38]} {[%emt 00:00:15]} 25.
Rdg3 {[%clk 00:06:22]} {[%emt 00:00:27]} Qf8 {[%clk 00:02:36]} {[%emt
00:00:07]} 26. Rf3 {[%clk 00:06:05]} {[%emt 00:00:21]} Qe7 {[%clk 00:01:30]}
{[%emt 00:01:12]} 27. Qxf7 {[%clk 00:05:38]} {[%emt 00:00:32]} Qxf7 {[%clk
00:01:34]} {[%emt 00:00:01]} 28. Rxf7 {[%clk 00:05:42]} Kh7 {[%clk 00:01:14]}
{[%emt 00:00:25]} 29. Rxb7 {[%clk 00:05:27]} {[%emt 00:00:20]} Rxa2 {[%clk
00:01:13]} {[%emt 00:00:07]} 30. Ng6 {[%clk 00:04:58]} {[%emt 00:00:34]} Rd2
{[%clk 00:01:10]} {[%emt 00:00:08]} 31. Nf8+ {[%clk 00:05:00]} {[%emt
00:00:02]} Kh8 {[%clk 00:01:07]} {[%emt 00:00:08]} 32. Nxe6 {[%clk 00:05:02]}
{[%emt 00:00:03]} a5 {[%clk 00:00:25]} {[%emt 00:00:48]} 33. Rc7 {[%clk
00:04:47]} {[%emt 00:00:19]} Rc2 {[%clk 00:00:17]} {[%emt 00:00:13]} 34. Rd7
{[%clk 00:04:13]} {[%emt 00:00:39]} Nb4 {[%clk 00:00:11]} {[%emt 00:00:11]} 35.
Rg6 {[%clk 00:04:01]} {[%emt 00:00:17]} Rc1+ {[%clk 00:00:11]} {[%emt
00:00:05]} 36. Kh2 {[%clk 00:04:05]} Rc6 {[%clk 00:00:08]} {[%emt 00:00:08]} 37.
f4 {[%clk 00:03:44]} {[%emt 00:00:25]} Nd3 {[%clk 00:00:07]} {[%emt 00:00:07]}
38. f5 {[%clk 00:03:46]} {[%emt 00:00:03]} Nf2 {[%clk 00:00:08]} {[%emt
00:00:04]} 39. f6 {[%clk 00:03:24]} {[%emt 00:00:28]} Rxe6 {[%clk 00:00:11]}
{[%emt 00:00:02]} 40. fxg7+ {[%clk 00:03:26]} {[%emt 00:00:02]} Rxg7 {[%clk
00:00:09]} {[%emt 00:00:07]} 41. Rdxg7 {[%clk 00:03:16]} {[%emt 00:00:15]} 1-0

[Event "World Youth & Cadets Rapid Championships"]
[Site "Rhodes, Greece"]
[Date "2022.05.01"]
[Round "3.3"]
[White "Ince, Taylan Ruzgar"]
[Black "Tobak, Mikhail"]
[Result "1/2-1/2"]
[TimeControl "10'/game & 5\"/move"]
[WhiteElo "2018"]
[BlackElo "2159"]

1. d4 {[%clk 00:10:07]} {[%emt 00:00:03]} Nf6 {[%clk 00:10:09]} {[%emt
00:00:01]} 2. c4 {[%clk 00:10:08]} {[%emt 00:00:03]} e6 {[%clk 00:10:14]}
{[%emt 00:00:01]} 3. Nf3 {[%clk 00:10:11]} {[%emt 00:00:02]} Bb4+ {[%clk
00:10:18]} {[%emt 00:00:01]} 4. Bd2 {[%clk 00:10:12]} {[%emt 00:00:04]} c5
{[%clk 00:10:22]} {[%emt 00:00:01]} 5. Bxb4 {[%clk 00:09:40]} {[%emt 00:00:37]}
cxb4 {[%clk 00:10:26]} {[%emt 00:00:01]} 6. a3 {[%clk 00:09:44]} {[%emt
00:00:01]} bxa3 {[%clk 00:10:27]} {[%emt 00:00:04]} 7. Rxa3 {[%clk 00:09:48]}
{[%emt 00:00:01]} O-O {[%clk 00:10:12]} {[%emt 00:00:20]} 8. Nc3 {[%clk
00:09:50]} {[%emt 00:00:03]} d6 {[%clk 00:09:40]} {[%emt 00:00:38]} 9. e3
{[%clk 00:09:51]} {[%emt 00:00:03]} Nc6 {[%clk 00:09:37]} {[%emt 00:00:07]} 10.
Be2 {[%clk 00:09:52]} {[%emt 00:00:04]} e5 {[%clk 00:09:39]} {[%emt 00:00:04]}
11. O-O {[%clk 00:09:38]} {[%emt 00:00:19]} Qe7 {[%clk 00:09:17]} {[%emt
00:00:26]} 12. h3 {[%clk 00:08:57]} {[%emt 00:00:47]} Bf5 {[%clk 00:09:02]}
{[%emt 00:00:20]} 13. Qd2 {[%clk 00:07:46]} {[%emt 00:01:15]} h6 {[%clk
00:08:05]} {[%emt 00:01:02]} 14. Nd5 {[%clk 00:07:21]} {[%emt 00:00:30]} Qd8
{[%clk 00:07:38]} {[%emt 00:00:32]} 15. b4 {[%clk 00:06:39]} {[%emt 00:00:48]}
e4 {[%clk 00:07:34]} {[%emt 00:00:09]} 16. Nxf6+ {[%clk 00:06:36]} {[%emt
00:00:08]} Qxf6 {[%clk 00:07:38]} {[%emt 00:00:02]} 17. Nh2 {[%clk 00:06:18]}
{[%emt 00:00:22]} Qg6 {[%clk 00:06:53]} {[%emt 00:00:50]} 18. Kh1 {[%clk
00:06:20]} {[%emt 00:00:03]} a6 {[%clk 00:06:45]} {[%emt 00:00:14]} 19. Rfa1
{[%clk 00:05:45]} {[%emt 00:00:39]} Rae8 {[%clk 00:06:04]} {[%emt 00:00:46]} 20.
Rb3 {[%clk 00:05:10]} {[%emt 00:00:41]} Bc8 {[%clk 00:05:45]} {[%emt 00:00:23]}
21. b5 {[%clk 00:05:12]} {[%emt 00:00:03]} axb5 {[%clk 00:05:49]} 22. Rxb5
{[%clk 00:05:16]} {[%emt 00:00:01]} f5 {[%clk 00:05:52]} {[%emt 00:00:03]} 23.
Nf1 {[%clk 00:04:38]} {[%emt 00:00:42]} Qf6 {[%clk 00:05:38]} {[%emt 00:00:18]}
24. Rd1 {[%clk 00:03:11]} {[%emt 00:01:32]} f4 {[%clk 00:05:24]} {[%emt
00:00:20]} 25. Nh2 {[%clk 00:03:00]} {[%emt 00:00:16]} f3 {[%clk 00:04:02]}
{[%emt 00:01:27]} 26. gxf3 {[%clk 00:03:02]} {[%emt 00:00:03]} Bxh3 {[%clk
00:04:00]} {[%emt 00:00:07]} 27. f4 {[%clk 00:03:04]} {[%emt 00:00:02]} Ne7
{[%clk 00:03:33]} {[%emt 00:00:33]} 28. Rxb7 {[%clk 00:02:51]} {[%emt
00:00:19]} Qh4 {[%clk 00:03:35]} {[%emt 00:00:02]} 29. Bf1 {[%clk 00:02:22]}
{[%emt 00:00:34]} Bg4 {[%clk 00:03:12]} {[%emt 00:00:27]} 30. Be2 {[%clk
00:02:25]} {[%emt 00:00:03]} Bh3 {[%clk 00:02:57]} {[%emt 00:00:20]} 31. Bf1
{[%clk 00:02:28]} {[%emt 00:00:02]} 1/2-1/2

[Event "World Youth & Cadets Rapid Championships"]
[Site "Rhodes, Greece"]
[Date "2022.05.01"]
[Round "3.4"]
[White "Skrbec, Leon"]
[Black "Trushko, Andrii"]
[Result "0-1"]
[TimeControl "10'/game & 5\"/move"]
[WhiteElo "1873"]
[BlackElo "2065"]

1. Nf3 {[%clk 00:09:59]} {[%emt 00:00:11]} d5 {[%clk 00:10:09]} {[%emt
00:00:02]} 2. c4 {[%clk 00:09:57]} {[%emt 00:00:07]} c6 {[%clk 00:10:10]}
{[%emt 00:00:03]} 3. b3 {[%clk 00:10:00]} {[%emt 00:00:02]} Bf5 {[%clk
00:10:06]} {[%emt 00:00:09]} 4. Bb2 {[%clk 00:09:58]} {[%emt 00:00:07]} e6
{[%clk 00:10:09]} {[%emt 00:00:02]} 5. g3 {[%clk 00:09:46]} {[%emt 00:00:18]}
Nf6 {[%clk 00:10:11]} {[%emt 00:00:03]} 6. Bg2 {[%clk 00:09:49]} Nbd7 {[%clk
00:10:14]} {[%emt 00:00:02]} 7. O-O {[%clk 00:09:52]} {[%emt 00:00:02]} Bd6
{[%clk 00:10:14]} {[%emt 00:00:05]} 8. d4 {[%clk 00:09:37]} {[%emt 00:00:19]}
Ne4 {[%clk 00:10:12]} {[%emt 00:00:08]} 9. Nbd2 {[%clk 00:09:25]} {[%emt
00:00:17]} O-O {[%clk 00:10:11]} {[%emt 00:00:07]} 10. Nh4 {[%clk 00:08:56]}
{[%emt 00:00:34]} Nxd2 {[%clk 00:09:43]} {[%emt 00:00:33]} 11. Qxd2 {[%clk
00:08:59]} {[%emt 00:00:02]} Bg4 {[%clk 00:09:39]} {[%emt 00:00:08]} 12. e4
{[%clk 00:08:23]} {[%emt 00:00:40]} Be7 {[%clk 00:07:33]} {[%emt 00:02:12]} 13.
exd5 {[%clk 00:08:14]} {[%emt 00:00:14]} exd5 {[%clk 00:07:02]} {[%emt
00:00:36]} 14. Nf3 {[%clk 00:08:07]} {[%emt 00:00:12]} Be6 {[%clk 00:06:54]}
{[%emt 00:00:13]} 15. Rac1 {[%clk 00:07:38]} {[%emt 00:00:34]} Re8 {[%clk
00:06:57]} {[%emt 00:00:02]} 16. h3 {[%clk 00:07:27]} {[%emt 00:00:16]} Bf6
{[%clk 00:07:00]} {[%emt 00:00:03]} 17. Rfe1 {[%clk 00:07:25]} {[%emt
00:00:06]} Nf8 {[%clk 00:06:59]} {[%emt 00:00:06]} 18. Ne5 {[%clk 00:07:03]}
{[%emt 00:00:27]} Bxe5 {[%clk 00:06:31]} {[%emt 00:00:33]} 19. Rxe5 {[%clk
00:07:03]} {[%emt 00:00:05]} Qd7 {[%clk 00:06:35]} {[%emt 00:00:01]} 20. h4
{[%clk 00:07:02]} {[%emt 00:00:05]} Ng6 {[%clk 00:06:25]} {[%emt 00:00:16]} 21.
Re3 {[%clk 00:07:04]} {[%emt 00:00:03]} Bh3 {[%clk 00:06:24]} {[%emt 00:00:07]}
22. Rce1 {[%clk 00:07:02]} {[%emt 00:00:06]} Bxg2 {[%clk 00:06:20]} {[%emt
00:00:09]} 23. Kxg2 {[%clk 00:07:05]} {[%emt 00:00:02]} h5 {[%clk 00:06:15]}
{[%emt 00:00:10]} 24. Qe2 {[%clk 00:07:00]} {[%emt 00:00:10]} Rxe3 {[%clk
00:06:18]} {[%emt 00:00:02]} 25. Qxe3 {[%clk 00:07:04]} {[%emt 00:00:01]} Qg4
{[%clk 00:06:17]} {[%emt 00:00:06]} 26. Kh2 {[%clk 00:07:08]} {[%emt 00:00:01]}
Kh7 {[%clk 00:06:08]} {[%emt 00:00:14]} 27. Qg5 {[%clk 00:06:52]} {[%emt
00:00:20]} Qf3 {[%clk 00:05:53]} {[%emt 00:00:20]} 28. Kg1 {[%clk 00:06:39]}
{[%emt 00:00:18]} f6 {[%clk 00:05:38]} {[%emt 00:00:21]} 29. Qe3 {[%clk
00:06:42]} {[%emt 00:00:02]} Qf5 {[%clk 00:05:41]} {[%emt 00:00:01]} 30. c5
{[%clk 00:06:38]} {[%emt 00:00:10]} Rf8 {[%clk 00:05:32]} {[%emt 00:00:14]} 31.
Qe6 {[%clk 00:06:36]} {[%emt 00:00:06]} Qxe6 {[%clk 00:05:34]} {[%emt
00:00:04]} 32. Rxe6 {[%clk 00:06:39]} {[%emt 00:00:02]} Rf7 {[%clk 00:05:38]}
{[%emt 00:00:01]} 33. Kf1 {[%clk 00:06:36]} {[%emt 00:00:07]} Re7 {[%clk
00:05:42]} {[%emt 00:00:02]} 34. Rd6 {[%clk 00:06:28]} {[%emt 00:00:12]} Nf8
{[%clk 00:05:46]} {[%emt 00:00:01]} 35. Rd8 {[%clk 00:06:28]} {[%emt 00:00:05]}
Ne6 {[%clk 00:05:50]} {[%emt 00:00:01]} 36. Ra8 {[%clk 00:06:32]} a6 {[%clk
00:05:55]} {[%emt 00:00:02]} 37. b4 {[%clk 00:06:32]} {[%emt 00:00:05]} g5
{[%clk 00:05:51]} {[%emt 00:00:09]} 38. hxg5 {[%clk 00:06:29]} {[%emt
00:00:07]} fxg5 {[%clk 00:05:52]} {[%emt 00:00:03]} 39. a4 {[%clk 00:06:21]}
{[%emt 00:00:14]} Kg7 {[%clk 00:05:47]} {[%emt 00:00:10]} 40. Ra7 {[%clk
00:06:06]} {[%emt 00:00:21]} Kf6 {[%clk 00:05:41]} {[%emt 00:00:11]} 41. Ra8
{[%clk 00:06:07]} {[%emt 00:00:04]} Kf5 {[%clk 00:05:24]} {[%emt 00:00:21]} 42.
f3 {[%clk 00:06:02]} {[%emt 00:00:10]} g4 {[%clk 00:05:25]} {[%emt 00:00:04]}
43. Kf2 {[%clk 00:06:01]} {[%emt 00:00:07]} gxf3 {[%clk 00:05:25]} {[%emt
00:00:04]} 44. Kxf3 {[%clk 00:05:56]} {[%emt 00:00:10]} Ng5+ {[%clk 00:05:29]}
{[%emt 00:00:01]} 45. Kf2 {[%clk 00:06:00]} Ne4+ {[%clk 00:05:32]} {[%emt
00:00:03]} 46. Kg2 {[%clk 00:05:44]} {[%emt 00:00:20]} Rg7 {[%clk 00:05:35]}
{[%emt 00:00:01]} 47. Rf8+ {[%clk 00:05:44]} {[%emt 00:00:05]} Ke6 {[%clk
00:05:40]} {[%emt 00:00:02]} 48. Rf3 {[%clk 00:05:47]} {[%emt 00:00:01]} h4
{[%clk 00:05:42]} {[%emt 00:00:02]} 49. Bc1 {[%clk 00:05:37]} {[%emt 00:00:16]}
Rxg3+ {[%clk 00:05:43]} {[%emt 00:00:04]} 50. Rxg3 {[%clk 00:05:39]} {[%emt
00:00:02]} hxg3 {[%clk 00:05:46]} {[%emt 00:00:03]} 51. Kf3 {[%clk 00:05:25]}
{[%emt 00:00:20]} Kf5 {[%clk 00:05:15]} {[%emt 00:00:36]} 52. Be3 {[%clk
00:05:18]} Nc3 {[%clk 00:05:15]} {[%emt 00:00:16]} 53. a5 {[%clk 00:05:02]} g2
{[%clk 00:05:18]} {[%emt 00:00:24]} 54. Kxg2 {[%clk 00:05:04]} Ke4 {[%clk
00:05:22]} {[%emt 00:00:04]} 55. Bg1 {[%clk 00:05:05]} {[%emt 00:00:03]} Ne2
{[%clk 00:05:26]} 0-1